| 000 | 01071nam a22003017a 4500 | ||
|---|---|---|---|
| 999 |
_c4852 _d4852 |
||
| 003 | AR-CdUCM | ||
| 008 | 190311b ||||| |||| 00| 0 spa d | ||
| 040 |
_aMUNICIPALIDAD PROVINCIAL DEL CUSCO _cBIBLIOTECA MUNICIPAL DEL CUSCO |
||
| 082 |
_a869.56018 / _bP3 |
||
| 245 |
_aPoesía proletaria del Perú : _b(1930-1976) / |
||
| 260 |
_aLima : _b[Jurídica S.A.], _c1976. |
||
| 300 |
_a125 páginas ; _c17 cm. |
||
| 500 | _aDonación de la familia Nieto. | ||
| 650 |
_aPoesía peruana - Siglo XX _914083 |
||
| 650 |
_aPoetas peruanos contemporáneos _914941 |
||
| 650 |
_aAntología poética _93092 |
||
| 650 |
_aPoesía - Proletariado _914942 |
||
| 700 |
_aMazzi T. Víctor ( Compilador) _914943 |
||
| 700 |
_a Valle y Caviedes, Juan del _914944 |
||
| 700 |
_a Aguilar y Narvarte, Gabriel _914945 |
||
| 700 |
_aCarrasco, Constantino _914946 |
||
| 700 |
_a Blanco, Gamaniel E. _914947 |
||
| 700 |
_aVallejo, César _910143 |
||
| 700 |
_aNieto, Luis _911864 |
||
| 700 |
_aJiménez Rojas , Oswaldo ... y otros _914948 |
||
| 942 |
_2ddc _cLIBROS |
||
| 945 | _alccs | ||